Innovating healthy lifestyle (Record no. 518647)

000 -LEADER
fixed length control field 00834nam a22001457a 4500
008 - FIXED-LENGTH DATA ELEMENTS--GENERAL INFORMATION
fixed length control field 211005b ||||| |||| 00| 0 eng d
100 ## - MAIN ENTRY--PERSONAL NAME
Personal name Jain Passi, Santosh and Jain, Akanksha
245 ## - TITLE STATEMENT
Title Innovating healthy lifestyle
260 ## - PUBLICATION, DISTRIBUTION, ETC. (IMPRINT)
Place of publication, distribution, etc Kurukshetra
300 ## - PHYSICAL DESCRIPTION
Extent 69(7), May, 2021: p.25-30
520 ## - SUMMARY, ETC.
Summary, etc There is a need for innovating strategies to minimise disruption of food supplies so that people, particularly the needy, have an easy year round access to healthy diets. Policy measures need to be put in place for improving food environments in the country, particularly in the context of current pandemic. Health-care systems need to be revamped and the health programmes reprioritised– both at the national and the sub-national levels. – Reproduced
773 ## - HOST ITEM ENTRY
Main entry heading Kurukshetra
906 ## - LOCAL DATA ELEMENT F, LDF (RLIN)
Subject DIP HEALTH
942 ## - ADDED ENTRY ELEMENTS (KOHA)
Item type Articles
Holdings
Withdrawn status Lost status Source of classification or shelving scheme Damaged status Not for loan Permanent location Current location Date acquired Serial Enumeration / chronology Barcode Date last seen Koha item type
          Indian Institute of Public Administration Indian Institute of Public Administration 2021-10-05 69(7), May, 2021: p.25-30 AR125753 2021-10-05 Articles

Powered by Koha